000 00400pam a2200157a 44500
008 230405s2004 xxu||||| |||| 00| 0 eng d
041 _aENG
100 _aWALKER ROYCE
245 _aSOFTWARE PROJECT MANAGEMENT A UNIFIED FRAMEWORK
250 _a2006
260 _aNEW DELHI
_bPEARSON EDUCATION
_c2004
300 _a406
650 _aSOFTWARE PROJECT MANAGEMENT
690 _aMCA
906 _a6491
999 _c287302
_d287302